1970-2009粤语流行歌曲TOP100 - Statistics

General Stats
  • This quiz has been taken 376 times
  • The average score is 26 of 100
Answer Stats
排名 歌曲 歌手 % Correct
1 海阔天空 BEYOND
95%
8 光辉岁月 BEYOND
83%
2 千千阕歌 陈慧娴
78%
10 红日 李克勤
73%
18 真的爱你 BEYOND
61%
71 富士山下 陈奕迅
58%
19 喜欢你 BEYOND
53%
17 月半小夜曲 李克勤
51%
11 偏偏喜欢你 陈百强
49%
3 上海滩 叶丽仪
46%
5 铁血丹心 罗文&甄妮
45%
45 大地 BEYOND
45%
9 讲不出再见 谭咏麟
42%
14 沉默是金 张国荣&许冠杰
41%
78 浮夸 陈奕迅
40%
7 男儿当自强 林子祥
39%
13 漫步人生路 邓丽君
39%
20 朋友 谭咏麟
38%
15 倩女幽魂 张国荣
36%
57 数字人生 林子祥
36%
80 喜帖街 谢安琪
36%
21 不再犹豫 BEYOND
35%
52 灰色轨迹 BEYOND
34%
60 下一站天后 Twins
34%
4 沧海一声笑 许冠杰
33%
23 护花使者 李克勤
33%
31 饿狼传说 张学友
32%
98 情人 BEYOND
32%
62 无赖 郑中基
30%
36 Monica 张国荣
30%
16 万水千山总是情 汪明荃
29%
26 夕阳之歌 梅艳芳
29%
58 好心分手 卢巧音
29%
12 风的季节 徐小凤
28%
37 风继续吹 张国荣
28%
50 一生所爱 卢冠廷&莫文蔚
28%
88 单车 陈奕迅
28%
99 处处吻 杨千嬅
28%
93 钟无艳 谢安琪
27%
24 一生何求 陈百强
26%
40 容易受伤的女人 王菲
25%
63 最爱 周慧敏
25%
59 K歌之王 陈奕迅
25%
30 狮子山下 罗文
24%
39 敢爱敢做 林子祥
24%
92 七友 梁汉文
24%
22 一生中最爱 谭咏麟
23%
49 难念的经 周华健
23%
79 你瞒我瞒 陈柏宇
23%
6 万里长城永不倒 叶振棠
22%
28 谁明浪子心 王杰
22%
33 当年情 张国荣
22%
51 友情岁月 郑伊健
22%
76 相思风雨中 张学友&汤宝如
22%
90 可惜我是水瓶座 杨千嬅
22%
25 水中花 谭咏麟
21%
53 让一切随风 钟镇涛
21%
42 遥远的她 张学友
20%
67 不浪漫罪名 王杰
20%
72 爱与诚 古巨基
20%
29 一起走过的日子 刘德华
19%
81 爱的故事(上集) 孙耀威
19%
41 飘雪 陈慧娴
18%
55 半斤八两 许冠文
18%
61 少女的祈祷 杨千嬅
18%
27 只想一生跟你走 张学友
17%
35 爱情陷阱 谭咏麟
17%
54 傻女 陈慧娴
17%
100 十七岁 刘德华
17%
68 乱世巨星 陈小春
16%
84 神话情话 周华健&齐豫
16%
34 世间始终你好 罗文&甄妮
15%
56 祝福 叶倩文
15%
48 似是故人来 梅艳芳
14%
83 笑看风云 郑少秋
13%
32 爱在深秋 谭咏麟
12%
44 人生何处不相逢 陈慧娴
12%
64 现代爱情故事 张智霖&许秋怡
12%
65 真的汉子 林子祥
12%
69 一人有一个梦想 黎瑞恩
12%
97 谁伴我闯荡 BEYOND
12%
38 今夜你会不会来 黎明
11%
47 顺流逆流 徐小凤
11%
70 分分钟需要你 林子祥
11%
77 暗里着迷 刘德华
11%
89 雨中的恋人们 黄凯芹
11%
43 每天爱你多一些 张学友
10%
74 堆积情感 邝美云
10%
86 痴心换情深 周慧敏
10%
94 一生不变 李克勤
10%
66 跳舞街 陈慧娴
9%
73 初恋情人 刘小慧
9%
75 难得有情人 关淑怡
9%
87 等你等到我心痛 张学友
9%
46 不装饰你的梦 蔡国权
8%
85 相逢何必曾相识 蒋志光&韦绮姗
8%
91 Para Para Sakura 郭富城
7%
82 友谊之光 Maria Cordero
6%
95 每一步 徐小凤
6%
96 夕阳醉了 张学友
5%
No matching quizzes found
Score Distribution
Percent of People with Each Score
Percentile by Number Answered
Your Score History
You have not taken this quiz